Представление документа в формате MARC21

Поле Инд. ПП Название Значение
Тип записи a
Библиографический уровень b
001 Контрольный номер RU/IS/BASE/257515093
005 Дата корректировки 20220228145253.5
008 Кодируемые данные 20080228
040 b Код языка каталог. rus
e Правила каталог. PSBO
041 0_ a Код языка текста rus
084 a Индекс другой классификации/Индекс ББК 83.3(2=411.2)5
100 1_ a Автор Минаева С. С.
245 10 a Заглавие Россия - Запад: русские писатели второй половины XIX века о своих зарубежных впечатлениях (А. И. Герцен, Ф. М. Достоевский, М. Е. Салтыков-Щедрин)
504 a Библиография Библиогр. - Примеч.: с. 96
600 14 a Персоналии Салтыков-Щедрин Михаил Евграфович
a Персоналии Герцен Александр Иванович
a Персоналии Достоевский Федор Михайлович
650 04 a Основная рубрика история литературы
a Основная рубрика литературоведение
a Основная рубрика филологические науки
653 0_ a Ключевые слова XIX век
a Ключевые слова путевые заметки
a Ключевые слова путешествия
a Ключевые слова Россия
773 0_ t Заглавие источника Вестник Московского университета. Серия 9, Филология
d Дата издания источника 2007
g Прочая информация № 3. - С. 91 - 96
w Контрольный № источника RU/IS/BASE/238074426
901 t Тип документа b